Quizz Culture générale histoire #1 - Statistiques

Statistiques générales
  • Ce quiz a été pris 3 194 fois
    2 123 depuis la dernière actualisation
  • Le résultat moyen est 9 sur 15
Statistiques - réponses
Évènement historique Réponse % Correct
Quel est le nom de l’auteur de "Les Misérables" ? Victor Hugo
96%
Dans quelle année a eu lieu la chute du mur de Berlin ? 1989
92%
Quel peintre a créé la célèbre œuvre "La Nuit étoilée" ? Vincent van Gogh
84%
En quelle année a été signé le Traité de Versailles, mettant fin à la Première Guerre mondiale ? 1919
82%
Qui a été le premier président des États-Unis ? George Washington
82%
Quel empire était dirigé par Jules César ? Empire romain
74%
Quel scientifique est connu pour avoir formulé la théorie de la relativité ? Albert Einstein
64%
Quel pays a été le berceau de la démocratie moderne ? La Grèce
64%
Quel philosophe grec est considéré comme le père de la philosophie occidentale ? Socrate
63%
Inventeur de l'ampoule électrique Thomas Edison
54%
Quel événement historique a marqué la fin de la Seconde Guerre mondiale ? Hiroshima
43%
Quel écrivain russe est l'auteur de "Guerre et Paix" ? Léon Tolstoï
35%
Quel explorateur est le premier à avoir contourné le Cap de Bonne-Espérance, ouvrant ainsi une nouvelle route maritime vers l'Inde ? Vasco de Gama
34%
Qui a écrit la "Déclaration d'indépendance des États-Unis" ? Thomas Jefferson
22%
Quel pharaon est connu pour avoir commandé la construction de la grande pyramide de Gizeh ? Khéops
18%
Aucun quiz correspondant
Distribution des résultats
% des personnes avec chaque résultat
Percentile par nombre de réponses
Votre historique - résultats
Vous n’avez pas pris ce quiz depuis la dernière actualisation